| 000 | 00396nam a22001217a 4500 | ||
|---|---|---|---|
| 020 | _a07-024970-9 | ||
| 082 | _a667.6 GRA'A | ||
| 100 |
_aGROSS, WILLIAM E _976125 |
||
| 245 | _aAPPLICATION MANUAL FOR PAINT AND PROTECTIVE COATINGS A GUIDE TO TYPES OF COATING METHODS OF SURFACE PREPARATION AND HAND APPLICATION TECHNIQUES | ||
| 260 |
_aNEWYORK _bMCGRAW HILL _c1970 |
||
| 300 | _a270P | ||
| 942 | _cBK | ||
| 999 |
_c581548 _d581548 |
||